000 00677nam a22002297a 4500
003 UA-OsUOA
001 102875
007 ta
008 20131007b un ||||| |||| 00| 0 ukr d
100 _aДем'яненко Г.
700 _aМатвійчук Т.
090 _a82
_bД30
942 _cSA
040 _aUA-OsUOA
_bukr
_cUA-OsUOA
_dUA-OsUOA
245 _aТеорія літератури
300 _aС.37-41
955 _a0
041 _aukr
080 _a82
773 0 _w102871
_tУкраїнська мова й література в сучасній школі
_dК.
_d2013
_g8
650 7 _a82 Література. Літературознавство
_2UDC
999 _c388901
_d388901